Historia de las Campañas de Marruecos. (Record no. 80207)

MARC details
000 -LEADER
campo de control de longitud fija 01654nam a2200217 i 4500
001 - NÚMERO DE CONTROL
campo de control 80207
003 - IDENTIFICADOR DE NÚMERO DE CONTROL
campo de control ES-MaACL
005 - FECHA Y HORA DE LA ÚLTIMA TRANSACCIÓN
campo de control 20250812233931.0
007 - CAMPO FIJO DE DESCRIPCIÓN FÍSICA--INFORMACIÓN GENERAL
campo de control de longitud fija t|
008 - DATOS DE LONGITUD FIJA--INFORMACIÓN GENERAL
campo de control de longitud fija 041027m19511981sp ||||1| spa d
245 00 - MENCIÓN DEL TÍTULO
Título Historia de las Campañas de Marruecos.
260 ## - PUBLICACIÓN, DISTRIBUCIÓN, ETC.
Lugar de publicación, distribución, etc. Madrid :
Nombre del editor, distribuidor, etc. Estado Mayor Central de Ejercito, Servicio Histórico Militar,
Fecha de publicación, distribución, etc. 1951-1981.
300 ## - DESCRIPCIÓN FÍSICA
Extensión 3 v. ;
Dimensiones 27 cm.
500 ## - NOTA GENERAL
Nota general Precede al tít.: Estado Mayor Central del Ejército. Servicio Histórico Militar.
500 ## - NOTA GENERAL
Nota general Son los v. 2, 3 y 4.
505 8# - NOTA DE CONTENIDO CON FORMATO
Nota de contenido con formato Contiene: t. 1. Antecedentes (hasta mediados del siglo XIX), Guerra hispano-marroquí de 1859-1860, conflicto en el campo exterior de Melilla en 1893-1894 (XIV, 608 p., [100] h. de lám., algunas pleg.) -- t. 2. Campaña del Rif de 1909, campaña del Kert (1911-1912) y acción militar y política posterior en el territorio de Melilla (1912-1919), campañas de Yebala (1913-1919) (XX, 944 p., [120] p. de lám., algunas pleg.) -- t. 3. Continuación, interrupción y fin de las campañas de Yebala (1919-1920), situación en la región occidental (Ceuta-Tetuán, Larache) hasta el 13 de septiembre de 1923, acción militar y política en la Comandancia General de Melilla (1920-1923), derrumbamiento y reconquista (723 p., [60] h. de lám., algunas pleg.) -- t. 4. Desde la constitución del directorio militar hasta el final victorioso de la ación militar de España en Marruecos (267 p., [21] h. de lám., algunas pleg.)
650 #7 - PUNTO DE ACCESO ADICIONAL DE MATERIA--TÉRMINO DE MATERIA
Término de materia o nombre geográfico como elemento de entrada Conflicto hispano-marroquí, 1909-1927
Fuente del encabezamiento o término embne
9 (RLIN) 156658
710 1# - ENTRADA AGREGADA--NOMBRE DE ENTIDAD CORPORATIVA
Nombre de entidad corporativa o nombre de jurisdicción como elemento de entrada España.
Unidad subordinada Servicio Histórico Militar.
9 (RLIN) 3980
852 ## - LOCALIZACIÓN
Ubicación ES-MaACL
Número de control de estantería P-1007
Holdings
Estatus retirado Estado de pérdida Estado de daño No para préstamo Biblioteca de origen Biblioteca actual Ubicación en estantería Fecha de adquisición Fuente de adquisición Total de préstamos Signatura topográfica completa Código de barras Visto por última vez Precio de reemplazo Tipo de ítem Koha
        Biblioteca del Ateneo de Madrid Biblioteca del Ateneo de Madrid Depósito 2 17/01/2008     P-1007 1083861 23/02/2023 23/02/2023 Libro impreso